|
|
|
|
| LEADER |
00000naa2a2200000 4500 |
| 001 |
123064 |
| 005 |
20231031130348.0 |
| 035 |
|
|
|a (RuTPU)RU\TPU\book\133232
|
| 090 |
|
|
|a 123064
|
| 100 |
|
|
|a 20071011d2006 k y0rusy50 ca
|
| 101 |
0 |
|
|a rus
|
| 102 |
|
|
|a RU
|
| 200 |
1 |
|
|a Типология восприятия текстов рок-культуры (опыт лингвистического эксперимента)
|f Е. Н. Попова
|g науч. рук. М. А. Солодова
|
| 463 |
|
0 |
|0 (RuTPU)RU\TPU\book\111466
|t Ч. 2
|v С. 79-83
|d 2006
|p 344 с.
|
| 610 |
1 |
|
|a рок-культура
|
| 610 |
1 |
|
|a восприятие
|
| 610 |
1 |
|
|a типология
|
| 610 |
1 |
|
|a тексты
|
| 610 |
1 |
|
|a лингвистические эксперименты
|
| 610 |
1 |
|
|a опросы
|
| 610 |
1 |
|
|a труды учёных ТПУ
|
| 700 |
|
1 |
|a Попова
|b Е. Н.
|
| 702 |
|
1 |
|a Солодова
|b М. А.
|4 727
|
| 801 |
|
1 |
|a RU
|b 63413507
|c 20071011
|g PSBO
|
| 801 |
|
2 |
|a RU
|b 63413507
|c 20071011
|g PSBO
|
| 942 |
|
|
|c BK
|